| 000 | 01047nam a2200289Ia 4500 | ||
|---|---|---|---|
| 003 | GCL | ||
| 008 | 140319s9999 xx 000 0 ara d | ||
| 040 |
_aGCL / _cGCL |
||
| 082 | 0 | 4 |
_aق _b913.03 _bد ت |
| 100 | 1 | _aبورج ، دى و . ج | |
| 245 | 1 | 0 |
_aتراث العالم القديم ( الجزء الاول ) / _cبورج ، دى و . ج |
| 700 | 1 | _aزكى سوس | |
| 700 | 1 | _aيحيى الخشاب | |
| 260 |
_aالقاهرة : _bدار الكرنك للنشر والطبع والتوزيع ، _c1965 |
||
| 300 |
_a337 ص ؛ _c24 سم |
||
| 490 |
_aالالف كتاب _v0 |
||
| 650 | 0 | 4 | _aالحضارة المصرية القديمة |
| 650 | 0 | 4 | _aالحضارة الاغريقية |
| 650 | 0 | 4 | _aالحضارة الرومانية |
| 650 | 0 | 4 | _aاثينا |
| 650 | 0 | 4 | _aالهلينية |
| 650 | 0 | 4 | _aالامبراطورية الرومانية - تاريخ |
| 650 | 0 | 4 | _aالعالم القديم - تاريخ |
| 650 | 0 | 4 | _aالعالم والحضارة |
| 650 | 0 | 4 | _aالعبريين - ديانة |
| 942 |
_2ddc _cBK |
||
| 999 |
_c36464 _d36464 |
||